Statistics for Largest Countries by initial letter of Country or Capital

Click here to take the quiz!

General Stats

  • This quiz has been taken 84 times
  • The average score is 16 of 25

Answer Stats

ANSWER% Correct
RRussia
90%
YYemen
89%
UUnited States
89%
ZZambia
88%
IIndia
85%
CCanada
81%
WWashington, D. C.
79%
AAustralia
79%
MMoscow
78%
FFrance
76%
VVenezuela
75%
BBeijing
75%
OOttawa
67%
JJakarta
65%
QQuito
64%
KKazakhstan
64%
NNew Delhi
64%
DDemocratic Republic of the Congo
63%
EEthiopia
61%
PPeru
53%
SSaudi Arabia
43%
LLibya
36%
TTripoli
28%
HHarare
25%
GGaborone
21%

Score Distribution

Percentile by Number Answered

Percent of People with Each Score

Your Score History

You have not taken this quiz